000 00215 a2200097 4500
001 10952
100 _aJames, E. O.
245 _aMarriage and Souety
260 _a
_bHutchinson's University
_c
090 _c8521
_d8521
942 _aNUST-CAE
_cM
_c35291
999 _c246025
_d246025